000 00486nam a2200205Ia 4500
003 GCL
008 140319s9999 xx 000 0 eng d
040 _aGCL /
_cGCL
082 0 4 _aCH
_b843
_bU B
100 1 _aBON, DENIS
245 1 0 _aUN BON PETIT DIABLE /
_cBON, DENIS
700 1 _aLAVERDET, MARCEL
260 _a[S.N] :
_bHEMMA
300 _a156 P
650 0 4 _aLITERATURE
650 0 4 _aFICTION
650 0 4 _aFRENCH FICTION
650 0 4 _aFRENCH LITERATURE
942 _2ddc
_cBK
999 _c14491
_d14491